[Event "Capablanca Memorial Premier 33rd"]
[Site "Havana"]
[Date "1998.05.11"]
[Round "5"]
[White "Vazquez Igarza, Renier"]
[Black "Pecorelli Garcia, Humberto"]
[Result "1/2-1/2"]
[WhiteElo "2405"]
[BlackElo "2465"]
[Annotator "Finkel,A"]
[PlyCount "85"]
[EventDate "1998.05.07"]
[EventType "tourn"]
[EventRounds "13"]
[EventCountry "CUB"]
[EventCategory "8"]
[SourceTitle "CBM 065"]
[Source "ChessBase"]
[SourceDate "1998.08.06"]
[SourceVersion "1"]
[SourceVersionDate "1998.08.06"]
[SourceQuality "1"]

{[%mdl 3104]} 1. e4 e6 2. d4 d5 3. Nc3 Bb4 4. e5 Qd7 5. Bd2 b6 6. Bb5 c6 7. Ba4
a5 8. a3 Bf8 9. Nce2 b5 (9... Ba6 10. c3 Bb5 (10... Ne7 11. Nf3 Bd3 $5 (11...
Nf5 12. O-O Be7 13. Re1 Bxe2 14. Qxe2 Na6 15. Bc2 Nc7 16. a4 $14 {Nunn,
J-Huebner,R/OHRA-A 1986 (31)}) 12. Nf4 Bg6 13. O-O b5 14. Bb3 a4 15. Ba2 Nc8
16. Ne1 $14 {Holzhaeuer,M-Rentschler,J/OLWuert 1990/1-0 (51)}) 11. Bc2 a4 (
11... c5 12. Nf3 Nc6 13. O-O Nge7 14. Re1 Nc8 15. Nf4 g6 16. Be3 $14 {
Kindermann,S-Sahovic,D/Biel op 1990 (33)}) 12. Nf3 c5 13. dxc5 $5 (13. O-O Nc6
14. Re1 Na5 15. Nf4 $5 (15. Be3 $5 Nc4 16. Nd2 Nxd2 (16... Nxe3 $5) 17. Qxd2
Bxe2 18. Qxe2 c4 19. g4 $14 {Jonsson,B-Bergsson,S/Reykjavik op 1993 (34)})
15... O-O-O 16. Be3 Nc4 17. Nd2 Nxe3 18. Rxe3 g6 19. Qf3 Kb8 20. Ree1 $36 {
Iruzubieta,J-Topalov,V/Elgoibar 1991 (47)}) 13... bxc5 14. O-O Nc6 15. Re1 Na5
16. Nf4 Ne7 17. Ng5 $36 {Reyes,J-Sahovic,D/Vrnjacka Banja 1989 (35)}) (9... Na6
$5 10. c3 Nc7 11. Nf3 Ba6 12. Bc2 Ne7 13. O-O a4 14. Re1 $14 {Mifsud,
T-Temirbaev,S/Moscow olm 1994/0-1 (61)}) 10. Bb3 c5 11. dxc5 {More ambitious is
} (11. c3 $5 Nc6 12. f4 f5 13. Nf3 Nh6 14. dxc5 Bxc5 15. Ned4 Ba6 16. Be3 $14 {
with better chanses;Rodriguez,A-Gonzales,J/Capablanca mem-A 1992 (41)}) 11...
Nc6 12. Nf3 Bxc5 13. O-O Nge7 14. Nf4 (14. Bc3 $6 O-O 15. Ned4 Ba6 16. Re1 Qa7
17. Kh1 $6 Qb6 $17 {[%csl Rf2][%cal Gb5b4] Happel,H-Monte,P/Guernsey op 1988 
(53)}) (14. c3 $5 Ng6 15. Bf4 Qc7 16. Re1 Nxf4 (16... Ba6 17. Bg3 Ngxe5 $6 18.
Nxe5 Nxe5 19. Nd4 Bd6 20. Nxe6 $1 fxe6 21. Bxe5 Bxe5 22. Qh5+ $16) 17. Nxf4 g6
18. Qd2 O-O 19. Nd3 $14) 14... O-O 15. Re1 Qa7 {[%cal Ga7f2]} (15... Ba6 $5)
16. Nd3 Bb6 17. Ba2 $6 ({Deserved attention} 17. c3 $5 {transfering the bishop
to c2}) 17... b4 $5 (17... Ba6 18. b4 axb4 19. axb4 {[%csl Ra6]}) 18. axb4 axb4
19. Bb3 Ba6 (19... Qxa1 $6 20. Qxa1 Rxa1 21. Rxa1 Ba5 22. Ra4 $16 {[%csl Rb4]})
20. Be3 $5 {White understands that he does'nt stand better and tries to
simplify the position.} Bxe3 (20... Nf5 21. Bxb6 Qxb6 22. Nf4) 21. Rxe3 Nf5 22.
Re1 Qb6 $15 23. Nf4 Bc4 $6 {After this move black loses the advantage.It was
better to keep the pressure with} (23... Rfc8 $5 24. Qd2 Ncd4 25. Nxd4 Qxd4 26.
Nd3 Bc4 $15) 24. Rxa8 Rxa8 25. Bxc4 dxc4 26. Qe2 Qc5 27. Qe4 Ra5 $5 {[%csl Re5]
} (27... Ra2 $5 28. g4 Nfe7 29. Ng5 Ng6 $5 (29... g6 $6 30. Nfxe6 $1 fxe6 31.
Qf4 Nd8 32. Qf6 Qc7 (32... Ra6 $6 33. Rd1 Nec6 34. Nxh7 $1 $18) 33. Rd1 $1 (33.
Nxe6 Nxe6 34. Qxe6+ Kf8 35. Qf6+ $36) 33... Nd5 (33... Ra6 34. Rxd8+ $1 Qxd8
35. Qf7+ Kh8 36. Qxh7#) 34. Nxe6 $1 Nxf6 35. Nxc7 Nxg4 36. Rxd8+ $16) 30. Nxg6
hxg6 31. Qf3 Qe7 32. Nxf7 Nd4 33. Qe4 Nxc2 34. Qxc2 Qxf7 35. Qxc4 Rxb2 36. Qd4
$11) 28. g4 Nfe7 29. h4 (29. Ng5 $5) 29... h6 {Preventing Ng5.} 30. g5 $36 hxg5
31. Nxg5 g6 32. Nf3 b3 33. h5 $5 gxh5 (33... bxc2 $2 34. hxg6 Nxe5 $8 35. gxf7+
Nxf7 36. Nxe6 Qf5 37. Qxf5 Nxf5 38. Rc1 $16) 34. Nxh5 Ng6 $1 35. cxb3 (35. Nf6+
Kg7 36. Ne8+ Kf8 37. Nf6 $13) 35... Ncxe5 36. Nxe5 Qxe5 37. Qxe5 Nxe5 38. Re3
$1 {Accurate move securing a draw.} Nd3 (38... Kf8 $5 39. Nf6 Ke7 (39... cxb3
$2 40. Rxe5) 40. Ne4 f5 41. Nd2 cxb3 42. Rxb3 $11) 39. bxc4 Nxb2 40. Nf6+ Kg7
41. Ne8+ Kf8 42. Nd6 Ke7 43. Rb3 1/2-1/2

[Event "RUS-Cup4"]
[Site "Perm"]
[Date "1997.??.??"]
[Round "3"]
[White "Bezgodov, Alexei"]
[Black "Kalichkin, Igor"]
[Result "1-0"]
[WhiteElo "2570"]
[BlackElo "2425"]
[Annotator "Finkel,A"]
[PlyCount "69"]
[EventDate "1997.02.02"]
[EventType "swiss"]
[EventRounds "9"]
[EventCountry "RUS"]
[SourceTitle "CBM 058"]
[Source "ChessBase"]
[SourceDate "1997.06.01"]
[SourceVersion "1"]
[SourceVersionDate "1997.06.01"]
[SourceQuality "1"]

1. e4 e6 2. d4 d5 3. Nc3 Bb4 4. e5 b6 5. Qg4 Bf8 6. Bg5 Qd7 7. h4 h5 (7... h6
8. Bf4 (8. Bd2 h5 9. Qf4 Nc6 10. a3 Bb7 11. Nf3 O-O-O 12. Bd3 f6 13. O-O Be7
14. Rfe1 Nh6 15. exf6 gxf6 16. Bg6 Rdf8 17. Qxh6 Rxh6 18. Bxh6 Rd8 19. Bf7 e5
20. dxe5 fxe5 21. Nxe5 Nxe5 22. Rxe5 Kb8 23. Be6 Qd6 24. Rae1 Bf6 25. Rf5 Bxc3
26. bxc3 Qxa3 27. Bg7 Re8 28. c4 dxc4 29. Rxh5 Bc8 30. Ra1 Qe7 31. Bxc8 Qxg7 {
0-1 Liberzon,V-Odendahl,S/Lone Pine op 1980}) (8. Be3 h5 9. Qf3 Ba6 10. Bxa6
Nxa6 11. Qe2 Nb8 12. Nh3 Nc6 13. Nf4 g6 14. f3 O-O-O 15. O-O-O Kb8 16. g4 Na5
17. Nd3 Rc8 18. Qf2 Nc4 19. Kb1 c5 20. Bc1 cxd4 21. Qxd4 Na3+ 22. bxa3 Rc4 23.
Qxc4 dxc4 24. Nb4 Qe8 25. Rd8+ Qxd8 26. Nc6+ Kc7 27. Nxd8 Kxd8 28. Rd1+ Kc8 29.
Rd4 hxg4 30. Rxg4 Ne7 31. Rxc4+ Kb7 32. Rd4 Kc8 33. Bg5 Nc6 34. Rc4 Kd7 35. Ne4
Bxa3 36. Bf6 Rc8 37. Rc3 Be7 38. f4 {1/2-1/2 Burmeister,R-Wolf,A/OLO-B 1994})
8... h5 (8... Ba6 9. Bxa6 Nxa6 10. Nf3 Ne7 11. O-O Nf5 12. a3 Nb8 13. h5 Nc6
14. Rfd1 Rg8 15. Kh2 O-O-O 16. b4 Be7 17. Qh3 g5 18. hxg6 fxg6 19. g4 Ng7 20.
Bxh6 Rh8 21. b5 Na5 22. Rh1 Rh7 23. Kg2 Rdh8 24. g5 Nf5 25. a4 Nc4 26. Ne2 Bxg5
27. Nxg5 Rxh6 28. Qc3 Qe7 29. Nf3 Qh7 30. Rxh6 Qxh6 31. Neg1 Qf4 32. Kf1 g5 33.
a5 bxa5 34. Rxa5 Nxa5 35. Qxa5 Kb8 {0-1 Computer "Hiarcs"-Van Der Wiel John T
H/Tournament (computers), Hague (Netherla 1995}) 9. Qf3 Ne7 10. g3 Nf5 11.
O-O-O Nc6 12. Nge2 Ba6 13. Bh3 Nce7 14. Rhe1 g6 15. Bg5 Bh6 16. Bxh6 Rxh6 17.
Kb1 O-O-O 18. Nf4 Kb8 19. Bg2 Rhh8 20. Nce2 Rc8 21. Nc1 Rhd8 22. Nfe2 c6 23.
Nf4 Rc7 24. Nb3 Qc8 25. Nh3 Rf8 26. c3 Bb5 27. Rd2 Qa6 {1/2-1/2 Computer
"Quest"-Van Der Wiel John T H/It "Aegon", Hague (Netherlands) 1996}) (7... Ba6
8. Bxa6 Nxa6 9. h5 h6 10. Bh4 c5 11. Nf3 Nc7 12. O-O Ne7 13. Bxe7 Qxe7 14. b3
Qd7 15. dxc5 bxc5 16. Ne2 Be7 17. Qxg7 O-O-O 18. c4 Rdf8 19. Ng3 Qe8 20. Qg4
Rhg8 21. Qf4 f5 22. exf6 Bxf6 23. Rad1 Bd4 24. Qd6 Rxf3 25. gxf3 Qxh5 26. Qf8+
Rxf8 27. Nxh5 Na6 28. Kg2 Nb4 29. a3 Nc6 30. Ng3 dxc4 31. bxc4 Ne5 32. Rfe1 Rf6
33. Rxd4 {1-0 Hazai,L-Vilela,J/Halle 1981}) 8. Qd1 (8. Qf3 $5 Ne7 9. Nh3 Nf5
10. O-O-O Ba6 11. Bxa6 Nxa6 12. Nf4 g6 13. Nfxd5 exd5 14. Nxd5 Bg7 15. Nxb6 {
1-0 Klovan,Y-Lputian,S/Daugavpils URS sf 1978}) 8... a6 9. Nh3 $5 (9. Nf3 c5
10. Be2 $6 Nh6 11. O-O Nf5 12. Re1 Nc6 13. Bd3 Ncxd4 14. Nxd4 Nxd4 $17 {
Sergeeva,M-Kalichkin,I/1/2 final Russia Cup, Perm RUS 1997 (35)}) 9... c5 10.
Ne2 cxd4 (10... Nc6 $5 11. c3 cxd4 12. cxd4 Bb4+ 13. Bd2 Be7 14. g3 Nh6 15. Bg2
$14) 11. Nxd4 Ne7 (11... Qc7 $5 12. Bf4 Nd7 13. Nf3 (13. Bd3 Bb4+ $1) 13... Bb7
14. Bd3 Nc5 15. O-O Rc8 $13) 12. Bd3 Nec6 (12... Nbc6 13. Nf3 Qc7 14. Qe2 Nb4
15. Nf4 Bb7 16. O-O $14) 13. Nf3 Qc7 14. O-O Nxe5 {Extremly dangerous dicision
to take a pawn when queen remains only developed piece.Much safer was to play
14...Nd7 with complicated position while white still keeps an upper hand} 15.
Nxe5 Qxe5 16. Re1 Qd6 {May be it was better to take on b2,but it's not the
most desired move to play in the game} 17. c4 $1 $36 Bb7 (17... dxc4 18. Qf3 $1
Ra7 (18... cxd3 19. Qxa8 e5 20. Rad1 f6 21. Qe4 $1 fxg5 22. Rxd3 $18) 19. Bxc4
Bb7 20. Qf5 $1 Qc6 21. Rxe6+ $1 fxe6 22. Qg6+ Kd7 23. Rd1+ Bd6 24. Qxg7+ $18)
18. cxd5 Bxd5 19. Nf4 Be7 (19... Bc6 20. Bg6 $3 Qxd1 21. Raxd1 fxg6 22. Nxg6
$18) (19... Nc6 20. Nxd5 Qxd5 21. Be4 Qd7 22. Rc1 Bc5 23. b4 $1 $18) 20. Nxd5
Qxd5 (20... Bxg5 $5 21. Bg6 $5 (21. Be4 $6 Bxh4 (21... Ra7 22. hxg5 exd5 23.
Bxd5+ Kf8 24. g6 $1 $16) 22. Nf6+ Ke7 23. Qxd6+ Kxd6 24. Rad1+ Ke7 25. Bxa8
Bxf6 $13) 21... Bd8 $1 (21... Kf8 22. Bxf7 $1 Kxf7 23. Qf3+ Kg8 (23... Kg6 24.
Nc7 $1 Qxc7 25. Qe4+ $1 Kh6 26. hxg5+ Kxg5 27. Qxa8 $18)) 22. Bxf7+ $1 Kxf7 23.
Qf3+ Kg8 24. Nf4 $1 Qc6 (24... Qf8 25. Rxe6 $1 Ra7 26. Rae1 $18) 25. Qb3 $1 $40
) 21. Bf4 $2 {After this move white finds himself introuble.Better was 21.Rc1!
Nd7 22.Be4 Qd1 23.Red1 Rd8 24.Be7 Ke7 25.Rc7 with very promising ending} Nd7 $5
(21... O-O $5 22. Re5 Qd7 23. Qe2 g6 24. Rd1 Rd8 25. Rxh5 $1 Nc6 (25... gxh5
26. Qxh5 Qxd3 27. Rxd3 Rxd3 28. Be5 f6 29. Qe8+ $18) 26. Bc2 (26. Qg4 $2 e5)
26... Qc8 27. Rxd8+ Nxd8 $13) 22. Be4 Qxd1 23. Rexd1 Rc8 24. Bb7 Rc4 25. Be3 a5
$2 (25... Nc5 $1 26. Rac1 (26. Bxc5 Bxc5 27. Rac1 Rxc1 28. Rxc1 a5 $17) 26...
Rb4 (26... Rxc1 $5) 27. Bc6+ Kf8 28. Bd4 Bf6 $17) 26. Ba6 Rb4 27. a3 $1 $16
Rxb2 28. Bd4 Rc2 (28... Rb3 29. Bc4 Rxa3 30. Bb5 Rxa1 31. Bxa1 Bxh4 32. Rxd7
$18) 29. Bb5 Rc7 30. Bxg7 Rh7 31. Be5 $18 Ra7 32. Rxd7 Rxd7 33. Rd1 Bxa3 34.
Rxd7 Kf8 35. Rd8+ {[Inspite of numerous mistakes extremly interesting game]}
1-0

[Event "RUS-ch qual 57th"]
[Site "Tomsk"]
[Date "2004.05.23"]
[Round "1"]
[White "Yagupov, Igor"]
[Black "Rustemov, Alexander"]
[Result "1/2-1/2"]
[WhiteElo "2441"]
[BlackElo "2593"]
[Annotator "Finkel,A"]
[PlyCount "70"]
[EventDate "2004.05.23"]
[EventType "swiss"]
[EventRounds "9"]
[EventCountry "RUS"]
[SourceTitle "CBM 102"]
[Source "ChessBase"]
[SourceDate "2004.09.23"]
[SourceVersion "1"]
[SourceVersionDate "2004.09.23"]
[SourceQuality "1"]

1. e4 e6 2. d4 d5 3. Nc3 Bb4 4. e5 Ne7 5. a3 Bxc3+ 6. bxc3 b6 7. Qg4 Ng6 8. h4
h5 9. Qd1 Ba6 10. Bxa6 Nxa6 11. Bg5 f6 {Interesting continuation leading to
more lively struggle, than solid} (11... Qd7) 12. Qd3 Kf7 13. Rh3 {This is
probably white's best shot, since other continuations don't promise white any
opening advantage.} (13. Qxa6 fxg5 14. hxg5 Qxg5 15. Kf1 Nh4 16. g3 Nf5 17. Nf3
Qg4 18. Qd3 Raf8 19. Nh4 {1/2-1/2 Zuckerman,B-Byrne,R/New York 1965}) (13. exf6
gxf6 14. Bd2 Nb8 15. Nf3 Qd6 16. O-O Nc6 17. c4 dxc4 18. Qxc4 Nce7 19. Rfe1 $14
{Kaufman,L-Fritzinger,D/Aspen 1968}) (13. Nf3 Nb8 14. O-O Nc6 15. Rfe1 Qd7 16.
Re3 Rae8 17. Rae1 Re7 $13 {Sokolov,A-Bauer,C/Switzerland 2002}) 13... Nb8 (
13... Qc8 $2 14. exf6 gxf6 15. Rf3 f5 16. Rg3 c6 17. Nf3 Nc7 18. Bf4 $1 $18 {
Nunn,J-De Jong,M/Leeuwarden 1995}) 14. Kf1 $6 {[%cal Ga1e1] This natural move
proves to be too slow.} (14. Rf3 Nd7 15. exf6 (15. Nh3 Ndxe5 16. dxe5 Nxe5 17.
Qe2 Nxf3+ 18. Qxf3 Qd6 19. Kf1 e5 20. Be3 Rad8 $15 {Gongora,M-Schussler,H/
Havana 1999}) 15... gxf6 16. Nh3 Qe7 17. Kf1 (17. Nf4 Nxf4 18. Bxf4 c5 19. Kf1
c4 20. Qd1 Rag8 21. a4 Rg4 $15 {Naiditsch,A-Potkin,V/Istanbul 2003}) 17... Rag8
18. Re1 Ke8 19. Nf4 Nxf4 20. Bxf4 c6 21. c4 $14 {Berndt,S-Mueller,K/Germany
2000}) 14... Nd7 15. Re1 Qe7 ({There was no point in taking on g5:} 15... fxg5
16. Rf3+ Nf4 17. hxg5 Qxg5 18. g3 Kg8 19. Rxf4 Rf8 20. Nh3 Qe7 21. c4 h4 22.
Kg2 $14 {abd white gets an upper hand.}) 16. Rf3 c5 17. c4 $5 {Otherwise black
would've pushed c4.} (17. Nh3 c4 18. Qe2 Rae8 19. a4 Qd8 20. exf6 gxf6 21. Bc1
(21. Nf4 Ngf8 22. Nh3 Ng6) 21... e5 $132) 17... cxd4 18. exf6 gxf6 19. cxd5 e5
20. c3 {Black's center is just too strong, so white's ply is pretty forced.}
dxc3 21. Qxc3 Rac8 22. Qd3 Kg7 23. Bd2 Nc5 24. Qf5 Nxh4 25. Rg3+ Kf7 26. Qh3
Ng6 27. Qf5 Rcg8 $5 {Desperate attempt to fight for a win. It was safer to
repeat the moves by 27....Nh4} (27... Nh4 $11) 28. Nf3 Qd7 29. Rxe5 {Other
moves are clearly in black's favor.} (29. Ng5+ $2 Ke7 30. Ne6 Nh4 31. Qh3 Rxg3
32. Qxg3 Nf5 33. Qg6 Nxe6 34. dxe6 Qxe6 $17) (29. Nxe5+ $6 Nxe5 30. Rxe5 Rxg3
31. fxg3 Qxf5+ 32. Rxf5 Ne4 33. Be1 Kg6 34. Rf3 Rd8 $17) 29... Qxf5 30. Rxf5
Ne7 31. Ne5+ Ke8 32. Rxg8+ Rxg8 33. Rxf6 Ne4 34. Re6 Nxd2+ 35. Ke1 Nb1 (35...
Nb1 36. d6 Rg7 37. Nc6 Nxa3 38. dxe7 Nc4 39. Rh6 (39. Re4 Nd6 40. Rd4 Rg6 $11)
39... Rg8 40. Rxh5 Nd6 41. Nxa7 Rxg2 42. Nc6 Kd7 43. Rh6 Rg8 $11) 1/2-1/2

[Event "EU-Cup 20th"]
[Site "Izmir"]
[Date "2004.10.03"]
[Round "1.1"]
[White "Shirov, Alexei"]
[Black "Kristjansson, Stefan"]
[Result "1-0"]
[WhiteElo "2726"]
[BlackElo "2444"]
[Annotator "Finkel,A"]
[PlyCount "71"]
[EventDate "2004.10.03"]
[EventType "team-swiss"]
[EventRounds "7"]
[EventCountry "TUR"]
[SourceTitle "CBM 104"]
[Source "ChessBase"]
[SourceDate "2005.01.27"]
[SourceVersion "1"]
[SourceVersionDate "2005.01.27"]
[SourceQuality "1"]
[WhiteTeam "Sarajevo Bosna"]
[BlackTeam "Reykjavik Hellir"]
[WhiteTeamCountry "BIH"]
[BlackTeamCountry "ISL"]

1. e4 e6 2. d4 d5 3. Nc3 Bb4 4. e5 Ne7 5. a3 Bxc3+ 6. bxc3 b6 7. Qg4 Ng6 8. h4
h5 9. Qg3 Ba6 10. Bxa6 Nxa6 11. Qd3 (11. Ne2 Qd7 (11... Nb8 12. Bg5 (12. f4 Qd7
13. O-O Nc6 14. f5 exf5 15. Qg5 Qe7 16. Rxf5 Qxg5 17. Bxg5 Nge7 18. Rf3 O-O 19.
Raf1 $14 {Bluvshtein,M-Vaingorten,Y/Toronto 2000}) 12... Qd7 13. Qf3 Qa4 14.
Ng3 Qxc2 15. Rc1 Qb2 16. Nxh5 Kf8 17. Rh3 Nd7 18. Rd1 c5 19. Nxg7 Kxg7 20. h5
$13 {Bogdanovic,R-Matulovic,M/Sombor 1957}) (11... c5 12. Nf4 Nxf4 13. Bxf4 Kf8
14. Bg5 Qd7 15. O-O Rc8 16. f4 Nb8 17. Rad1 $16 {Fischer,R-Hoppe,R/Davis 1964})
12. Nf4 (12. a4 c5 (12... O-O-O 13. Qd3 (13. Bg5 Rdf8 14. Qd3 Nb8 15. a5 b5 16.
a6 c6 17. O-O Qe8 18. c4 $36 {Kos,T-Sher,M/Ljubljana 1997}) 13... Nb8 14. a5 b5
15. a6 c6 16. Ba3 Nxa6 17. Bd6 Nb8 18. Nc1 Qb7 19. Nb3 Nd7 20. Ra2 $16 {
1-0 Bjork,C-Formanek,E/London 1979 (27)}) 13. O-O Rc8 14. Nf4 Nxf4 15. Bxf4 Kf8
16. Qd3 Nb8 17. a5 b5 18. Bc1 cxd4 19. Ba3+ Kg8 20. cxd4 $14 {Dominguez,
L-Medina,J/Matanzas 1998}) (12. Bg5 Qa4 (12... c5 13. O-O Nb8 14. f4 Nc6 15. f5
exf5 16. Qf3 Rc8 17. Rae1 cxd4 18. cxd4 Nd8 $15 {Hvorostinin,G-Moskalenko,V/
Yalta 1996}) 13. Qd3 c5 14. O-O Ne7 15. Bxe7 Kxe7 16. Rac1 Nb8 17. Qg3 g6 18.
Rfd1 Nc6 19. Qf3 Rhf8 $13 {De Bie,H-Witt,R/Holland 1996}) 12... Nxf4 13. Bxf4
Rg8 (13... Kf8 14. a4 Nb8 15. Bc1 Nc6 16. Rh3 Rc8 17. Qg5 Ne7 18. a5 Kg8 19.
axb6 cxb6 20. g4 g6 21. Ba3 hxg4 22. Qxg4 Rh5 23. Bc1 Nf5 $15 {De Firmian,
N-Rohde,M/San Francisco 1987}) 14. Qg5 Qa4 15. Qxh5 Qxc2 16. O-O $36 {Leitao,
R-Granda Zuniga,J/Sao Paulo 2003}) 11... Nb8 12. Bg5 Qc8 (12... Qd7 13. Ne2 (
13. a4 Nc6 14. Ne2 Na5 15. O-O Nc4 16. Ng3 Ne7 17. Qe2 g6 18. Bf6 Rg8 19. Ne4
dxe4 20. Qxc4 $16 {Cooper,J-Bonin,J/Philadelphia 1986}) 13... Nc6 14. Ng3 (14.
f3 Nge7 15. g4 O-O-O 16. Ng3 hxg4 17. fxg4 Rdf8 18. Nh5 Rhg8 19. O-O Na5 20.
Qh7 $16 {Schoene,A-Von Rothkirch,M/Berlin West 1987}) 14... Nge7 15. Qf3 g6 16.
O-O O-O-O 17. a4 Rh7 18. a5 Nxa5 19. Rxa5 bxa5 20. Qd3 Re8 21. Qa6+ Kd8 22. Rb1
$44 {Petrushin,A-Vaisser,A/Volgodonsk 1983}) 13. Ne2 Qa6 14. Qf3 Nd7 15. O-O ({
Nothing promised} 15. Ng3 $6 Qc4 16. Rh3 f6 (16... Rh7 17. Nxh5 c5 18. Nf4 Nxf4
19. Qxf4 cxd4 20. cxd4 Qxc2 21. Rc1 $14) 17. exf6 gxf6 18. Bd2 (18. Bxf6 $2
Nxf6 19. Qxf6 Qxc3+ 20. Ke2 Nf4+ 21. Qxf4 Qxa1 $15) 18... O-O-O 19. Nxh5 e5 $36
{and black gets very strong counterplay.}) 15... f6 16. exf6 gxf6 17. Nf4 Nxf4
18. Bxf4 O-O-O {'?!' The king is extremly vulnerable on the queenside, so it
was safer to keep it in the center by} (18... Qc4 $5 19. Rae1 Kf7 20. Re3 c5
21. Rfe1 Rae8 22. Qd1 $14) 19. a4 {'!' Opening up an a-file for the white
rooks.} Qc4 (19... Qa5 20. c4 c6 21. cxd5 Qxd5 22. Qe2 $14 {[%cal Ga4a5,Gc2c4]}
) 20. a5 Kb7 21. Rfb1 e5 ({An attempt to keep square b4 under control wouldn't
help black:} 21... c5 $5 {[%csl Gb4]} 22. dxc5 Qxc5 (22... Nxc5 $2 23. axb6
axb6 24. Rb4 $18) 23. Rb3 $40 {[%cal Gc3c4] and c4 is about to follow.}) 22.
Rb4 Qc6 23. Bg3 {'+/-'} Rhg8 24. axb6 cxb6 (24... axb6 25. c4 $1 dxc4 $140 $2
26. Ra7+ $18) 25. Qd3 {'!?'} (25. c4 $16) 25... Nb8 ({An alternative} 25... Ra8
26. Qa6+ Kb8 27. c4 $40 {[%csl Ra8,Rb8] was hardly any better.}) 26. dxe5 fxe5
27. Bxe5 d4 (27... Qg6 28. Bg3 Qxd3 29. cxd3 Nc6 30. Rf4 $16) 28. Qh7+ Nd7 29.
g3 dxc3 30. Rd4 {'+-' Black's position is about to crack.} Kc8 31. Bf4 Rh8 32.
Qf7 Nc5 (32... Rhf8 33. Rc4 Rxf7 34. Rxc6+ Kb7 35. Rc7+ $18) 33. Rxa7 Ne6 34.
Ra8+ {'!' Little combination for the conclusion.} Qxa8 35. Qxe6+ Kb7 36. Qe4+
1-0

[Event "Clarin GP final"]
[Site "Villa Gesell"]
[Date "1998.03.08"]
[Round "2"]
[White "Ginzburg, Maximiliano"]
[Black "Rodriguez Vila, Andres"]
[Result "1/2-1/2"]
[WhiteElo "2470"]
[BlackElo "2475"]
[Annotator "Finkel,A"]
[PlyCount "128"]
[EventDate "1998.03.07"]
[EventType "tourn"]
[EventRounds "11"]
[EventCountry "ARG"]
[EventCategory "10"]
[SourceTitle "CBM 064"]
[Source "ChessBase"]
[SourceDate "1998.06.02"]
[SourceVersion "1"]
[SourceVersionDate "1998.06.02"]
[SourceQuality "1"]

1. e4 e6 2. d4 d5 3. Nc3 Bb4 4. e5 Ne7 5. a3 Bxc3+ 6. bxc3 b6 7. Qg4 Ng6 (7...
Nf5 $6 8. Bd3 h5 9. Qh3 g5 10. g4 Nh4 11. gxh5 f5 12. exf6 Qxf6 13. Qg4 Rg8 14.
f4 $16) 8. h4 h5 9. Qd1 Ba6 (9... Nxh4 10. g3 Ng6 11. Rxh5 Rxh5 12. Qxh5 Ba6
13. Bg5 $16) 10. Bxa6 (10. Bg5 f6 $2 (10... Qc8 11. Bxa6 Nxa6 12. Ne2 c5 13.
Rh3 $1 Nb8 14. c4 $1 $16) (10... Ne7 11. Bxa6 Nxa6 12. Ne2 Nb8 13. Nf4 g6 14.
Bf6 Rg8 15. g4 $16 {Zuidema-Matanovic,A/Belgrade/1964/} (15. g4 $16 hxg4 16.
Qxg4 Nd7 17. h5 $1 Nxf6 18. exf6 Nf5 19. Qg5 $1 $16)) (10... Qd7 11. Be2 $6 (
11. Ne2 $1 $16) 11... Qc6 (11... Qc6 12. Bd2 Bxe2 13. Nxe2 Ne7 14. Ng3 g6 $13))
11. exf6 gxf6 12. Bxa6 Nxa6 13. Qd3 $18 (13. Qd3 Kf7 14. Nh3 Nb8 $13 {/\Nd7}))
10... Nxa6 11. Bg5 Qd7 12. Ne2 Qc6 (12... Qa4 13. Rh3 $1) (12... c5) 13. f4 $5
(13. O-O Nb8 $6 (13... Kd7 14. f4 Raf8 15. f5 exf5 16. Qd3 Nb8 17. Rxf5 (17.
Ng3 $1) 17... f6 18. Qh3 Ke7 19. exf6+ gxf6 20. Re1 Kd8 21. Nf4 Nxf4 22. Bxf4
Rf7 23. Qf3 {1-0 Abramovic,B-Sahovic,D/Bor 1983}) (13... Ne7 14. Bxe7 (14. Qd3
Qc4 15. Qf3 Nf5 16. Ng3 g6 17. Bf6 Rh7 18. a4 Nb8 19. Nxf5 gxf5 20. Qg3 $16 {
Timman,J-Ivkov,B/Amsterdam IBM 1971/1-0 (54) ECO}) 14... Kxe7 15. f4 $1 $16 {
Suetin}) 14. f4 Nd7 (14... Nf8 15. f5 Nbd7 16. Qd3 g6 17. fxg6 Nxg6 18. Nf4 $16
{Giaccio,A-Madina,M/Clarin GP 1997 (24)}) 15. Qd3 $1 Ndf8 (15... Qc4 16. Qxc4
dxc4 17. f5 exf5 $2 18. Rxf5 $16 O-O 19. Raf1 $16) 16. f5 $1 exf5 17. Rxf5 Ne6
(17... Rh7 18. Raf1 Nh8) 18. Raf1 $16 {Portisch,L-Ivkov,B/Zagreb 1965 (29)
Pachman}) 13... Ne7 14. Bxe7 Kxe7 15. f5 $1 $36 {[%cal Ge1g1,Gh1f1,Ge2f4]} Rag8
(15... exf5 $2 16. Qd3 $1 {[%cal Gd3a6,Gd3f5]} Nb8 17. Qxf5 Qd7 18. Qg5+ Kf8
19. O-O $16) 16. Qd3 (16. fxe6 fxe6 17. Qd3 Nb8 18. Nf4 $5 Kd8 19. Kd2 Nd7 20.
Qg6 $1 $14) 16... Nb8 17. fxe6 fxe6 18. Qg6 $6 {After this careless move black
easily equalizes the position.} (18. Nf4 $5) 18... Qe8 $1 19. Nf4 Rh6 $5 20.
Qg3 (20. Qg5+ $5 Kd7 21. Rf1 Nc6 22. Kd2 $1 Na5 $132) 20... Nc6 21. O-O Kd8 22.
Nh3 $6 {The knight is perfectly placed on f4 so there was no reason to
transfer it to g5 losing two tempi.} (22. Rf2 $5 Ne7 23. Raf1 {would promise
white slightly better chanses.}) 22... Ne7 23. Ng5 Nf5 $13 24. Qd3 {[%csl Rf5]
[%cal Gg5e6]} Rf8 25. g3 Qc6 26. Rf3 $1 {Defending the pawns on g3 and c3 by
this releasing the queen.} Kc8 27. Raf1 g6 28. Qa6+ Kb8 29. a4 Re8 $1 30. Rb1
Rhh8 31. a5 Re7 $1 32. Rb4 Rc8 33. Qd3 Ka8 34. a6 $6 {Passing the initiative
into black's hands.Better was} (34. Rf1 $5 {with balanced position.}) 34... Qd7
35. Qb5 Qxb5 36. Rxb5 c6 $5 37. Rb4 c5 $15 38. dxc5 Rxc5 $1 {[%csl Ra6]} (38...
bxc5 39. Rb5 $1 (39. Rb7 $6 Rxb7 40. axb7+ Kxb7 41. Nxe6 a5 42. Nf4 Ne7 43. c4
dxc4 44. Ra3 Ra8 $17) 39... Rc6 40. Ra5 Re8 41. c4 $1 Nd4 42. Rf2 $132) 39. Nh3
$1 {/\Nf4} Ra5 40. Nf4 Rxa6 41. Nxg6 Rg7 42. Nf4 Nxh4 43. Rd3 Nf5 44. Nxe6 Ra1+
(44... Rxg3+ $2 45. Rxg3 Nxg3 46. Nc7+ Kb7 47. Nxa6 $18) 45. Kf2 Re7 46. Nd4 $1
$11 {White defends very accurately.} (46. Nf4 $5 Rxe5 47. Nxd5 Kb7 $15) 46...
Rxe5 47. Nf3 Re7 48. Rxd5 Rf1+ $1 49. Kxf1 Ne3+ 50. Kf2 Nxd5 51. Rb5 Nf6 52.
Nd4 Rc7 53. Rf5 Ng4+ 54. Ke2 Rxc3 55. Rxh5 a5 (55... Rxg3 56. Rh8+ (56. Rg5
Re3+ 57. Kd2 Re4 58. Rg8+ Kb7 59. Rg7+ Ka6 60. Nc6 $11) 56... Kb7 57. Rh7+ Ka6
58. Nc6 $11) 56. Rh7 a4 57. Kd2 Rc4 58. Nb5 Kb8 59. Rh8+ Rc8 60. Rxc8+ Kxc8 61.
Kc3 Ne3 62. Nd4 Kd7 63. Kb4 b5 $1 64. c3 Nd5+ 1/2-1/2